01664nam a2200277 i 4500003000900000005001700009007000300026008004100029020002800070040003000098082001300128100003200141240003300173245009300206264005600299300002900355336002700384337003400411338002800445490002100473500001600494500006000510500006400570520070200634700005001336DO-SdBNP20240621102936.0ta240621s2017 sp 000 j spa d a9788497594240 (v. 98/3) aDO-SdBNPbspacBNPHUerda bF6672221 aFollett, Ken,d1949-eautor1 aThe man from St. Peterburg /13aEl hombre de San Petersburgo /cKen Follett ; traducción Damián Sánchez Bustamante 1aBarcelona, España :bPenguin Randon House,c2017. a343 páginas, c19 cm. 2rdacontentatextobtxt 2rdamediaasin mediación bn 2rdacarrieravolumenbnc1 aDebolsillov98/3 aBest Seller aIncluye datos biografícos del autor en la página 2. aLa biblioteca posee la 2a. reimpresión de marzo del 2018. aEn 1914 el mundo estaba en vísperas de la Gran Guerra. Tanto Francia e Inglaterra como los imperios centrales trataban de conseguir el apoyo de Rusia, que podía decidir el desenlace de la futura contienda. En esos instantes cruciales de la historia, un aristócrata ingles, lord Walden, y un joven y prometedor político llamado Winston Churchill esperaban la llegada del príncipe Orlov, enviado del zar en misión secreta para entablar conversaciones y establecer pactos con la monarquía británica. Pero el príncipe no fue el único en llegar a Londres desde las frías tierras al este de Europa: un enigmático personaje procedente de Siberia le seguía los pasos...1 aSánchez Bustamante, Damiánetraducción